Essen an Zutaten - Statistiken

Allgemein
  • Dieses Quiz wurde 806 mal gespielt
  • Das Durchschnittsergebnis liegt bei 7 aus 9
Antwortstatistiken
Hint Antwort % Korrekt
Mehl, Wasser, Salz, Hefe Brot
90%
Reis, Essig, Nori, Lachs Sushi
88%
Mehl, Wasser, Hefe, Salz, Tomatensauce, Mozarella Pizza Margherita
87%
Mascarpone, Kaffee, Löffelbiskuit, Kakao Tiramisu
85%
Mehl, Eier, Butter, Paniermehl, Kalbfleisch Wiener Schnitzel
84%
Kartoffeln, Milch, Butter, Muskatnuss Kartoffelpüree
83%
Hackfleisch, Zwiebeln, Tomaten, Bohnen, Chili Chili con Carne
75%
Eier, Speck, Parmesan, Spaghetti Spaghetti Carbonara
74%
Kichererbsen, Tahini, Zitrone, Knoblauch, Olivenöl Hummus
58%
Keine übereinstimmenden Quizze gefunden
Verteilung der Resultate
Anzahl Personen mit jedem Resultat
Perzentil nach korrekt beantworteten Fragen
Ihre Resultats-Entwicklung
Sie haben dieses Quiz noch nicht gespielt